| 000 | 01253cam a22003497a 4500 | ||
|---|---|---|---|
| 003 | CHAP | ||
| 005 | 20220329142748.0 | ||
| 008 | 030618d1999 mx ad r 00110 spa d | ||
| 010 | _a87404 | ||
| 011 | _a88376 | ||
| 020 | _a9688845558 | ||
| 035 | _a98921 | ||
| 040 | _cCHAP | ||
| 090 | _aFolleto 16619 | ||
| 100 | 0 | 0 |
_aNagao, Mike A. _980042 |
| 245 | 1 | 0 |
_aSintomas de deficiencia mineral en café _c/por Mike A. Nagao, Kent D. Kobayashi y George M. Yasuda |
| 260 |
_aHuatusco, Ver. : _bUACH. Centro Regional Universitario de Oriente, _c1999 |
||
| 300 |
_a27 p. : _bilus. ; cuadro |
||
| 590 |
_aBATCH-UPD _b10 _c20130110 _lUCH01 _h0427 |
||
| 590 |
_aBATCH-UPD _b10 _c20130410 _lUCH01 _h0102 |
||
| 590 |
_aBATCH-UPD _b10 _c20130410 _lUCH01 _h1528 |
||
| 590 |
_aBATCH-UPD _b10 _c20130914 _lUCH01 _h0808 |
||
| 590 |
_aCONVERSION _b10 _c20130109 _lUCH01 _h1348 |
||
| 650 | 1 | 4 |
_aCafé _xElementos minerales. _917134 |
| 650 | 1 | 4 |
_aCafé _xEnfermedades. _917136 |
| 650 | 1 | 4 |
_aFertilizantes _xEfecto en café. _940484 |
| 650 | 1 | 4 |
_aPlantas _xDeficiencias nutritivas. _988812 |
| 901 | _aBK | ||
| 942 | _cFOLL | ||
| 949 |
_aFolleto 16619 _bBC _cFOLL _d33724002317058 _eTS2 _fc.2 _gDonaciØn _i98921 _sb |
||
| 949 |
_aFolleto 16619 _bBC _cFOLL _d989211 _eTS1 _gDonaciØn _i98921 _sb |
||
| 999 |
_c87404 _d87404 |
||